<?xml version="1.0" encoding="UTF-8"?>
<collection xmlns="http://www.loc.gov/MARC21/slim">
  <record>
    <leader>00000nam  2200000   4500</leader>
    <controlfield tag="001">INLIS000000000001684</controlfield>
    <controlfield tag="005">20180724142829</controlfield>
    <controlfield tag="008">180724|||||||||   |   |||   |||| ||   | </controlfield>
    <datafield tag="035" ind1=" " ind2=" ">
      <subfield code="0">010-0718001684</subfield>
    </datafield>
    <datafield tag="041" ind1=" " ind2=" ">
      <subfield code="a">id</subfield>
    </datafield>
    <datafield tag="082" ind1=" " ind2=" ">
      <subfield code="a">R.027 PIM I 2016</subfield>
    </datafield>
    <datafield tag="090" ind1=" " ind2=" ">
      <subfield code="a">R.027 PIM I 2016</subfield>
    </datafield>
    <datafield tag="100" ind1=" " ind2=" ">
      <subfield code="a">Erni Agustina</subfield>
    </datafield>
    <datafield tag="245" ind1=" " ind2=" ">
      <subfield code="a">Efektivitas Pemberdayaan Perempuan dan Perlindungan Anak Melalui Sinergitas Pemerintah Dengan Lembaga Masyarakat</subfield>
    </datafield>
    <datafield tag="260" ind1=" " ind2=" ">
      <subfield code="a">Jakarta</subfield>
      <subfield code="b">LAN Jakrta</subfield>
      <subfield code="c">2016</subfield>
    </datafield>
    <datafield tag="300" ind1=" " ind2=" ">
      <subfield code="a">i, 21 hlm., Ilus, 30 cm</subfield>
    </datafield>
    <datafield tag="500" ind1=" " ind2=" ">
      <subfield code="a">Tujuan dari proyek perubahan ini adalah untuk mewujudkan partisipasi masyarakat untuk melakukan sinergitas dalam program dan kegiatan dalam upaya mempercepat pembangunan pemberdayaan perempuan dan perlindungan perempuan dan anak.  Dalam melaksanakan proyek perubahan, telah dihasilkan beberapa keluaran dan kegiatan.  Selama jangka pendek (Juni-September 2016), telah dihasilkan Draft Peraturan Menteri Pemberdayaan Perempuan dan Perlindungan Anak tentang Bentuk dan Tatacara Partisipasi Masyarakat dalam Bidang Pemberdayaan Perempuan dan Perlindungan Anak, Forum Komunikasi Nasional Partisipasi Masyarakat untuk Pemberdayaan Perempuan dan Perlindungan Anak (FORKOMNAS PM-P3A), PUSPAapps sebagai media komunikasi Lembaga masyarakat dan pemerintah berbasis android, model sinergi program dan kegiatan Lembaga masyarakat dan pemerintah untuk pemberdayaan perempuan dan perlindungan anak.  Selama jangka menengah (sampai dengan Desember 2016), telah dihasilkan penyusunan pedoman bagi daerah tentang pengembangan sinergitas dengan organisasi masyarakat, dunia usaha, Lembaga profesi, media dan Lembaga penelitian, design sistem data base dapat digunakan oleh Lembaga pemerintah di pusat dan daerah dalam melakukan sinergitas, Forum Komunikasi Daerah Partisipasi Masyarakat untuk Perempuan dan Anak.</subfield>
    </datafield>
    <datafield tag="650" ind1=" " ind2=" ">
      <subfield code="a">Sinergitas Pemerintah</subfield>
    </datafield>
  </record>
</collection>
